000 00265nam a22001217a 4500
008 170629b xxu||||| |||| 00| 0 eng d
041 _aeng
080 _a821
100 _a22
101 _aGJL
245 _aMODERN ENGLISH READINGS
_cLOOMIS, R.SH
942 _2udc
_cBK
999 _c19634
_d19634